Statistiques concernant Culture générale #12

Cliquez ici pour prendre le quiz!

Statistiques générales

  • Ce quiz a été pris 676 fois
  • Le résultat moyen est 6 sur 15

Statistiques - réponses

Hint Answer % Correct
Quelle est la 3eme planète du système solaire en partant du soleil?Terre
85%
Métal liquide à température ambiante et dangereux pour la santé, je suis?Mercure
77%
Comment s'appelle l'ami de Mickey?Dingo
73%
Dans quel pays est produit le Chianti?Italie
65%
Quel personnage de la série South Park meurt à chaque épisode?Kenny
59%
De quel nationalité était Che Guevara?Argentine
46%
Quelle main est la plus forte au poker?Quinte Flush Royale
37%
Quel aventurier solitaire est le roi de la terre?Bob Morane
35%
Plat écossais fait avec une panse de brebis farçi, je suis?Haggis
33%
Qu'est ce qui est appellé un bandit manchot?machine à sous
32%
Poisson qui est responsable de nombreuses piqûres sur les plages, je suis?Vive
30%
Comment s'appelle le petit garçon de le film E.T?Elliot
28%
Quelle ville japonaise fut touché par un séisme de magnitude 7.3 en 1995?Kobe
21%
Qui a découvert la tombe de Toutankhamon en 1922?Howard Carter
12%
Quel sorte d'animal est le personne du jeu Crash Bandicoot?Bandicoot
11%

Distribution des résultats

Percentile par nombre de réponses

% des personnes avec chaque résultat

Votre développement - résultats

Vous n’avez pas pris ce quiz